Evénements du 21 juillet - Statistiques

Statistiques générales
  • Ce quiz a été pris 41 fois
  • Le résultat moyen est 8 sur 15
Statistiques - réponses
Hint Réponse % Correct
Neil Armstrong et Buzz Aldrin marchent sur la Lune 1969
96%
Naissance de Charlotte Gainsbourg 1971
92%
Naissance de l'humoriste Sim 1926
79%
Naissance d'Ernest Hemingway 1899
75%
Dernier concert de Johnny Hallyday en solo 2016
71%
Naissance du pape Sixte IV 1414
58%
Prestation de serment de Léopold 1er de Belgique 1831
50%
Abdication d'Albert II de Belgique 2013
50%
Bataille de Denain 1712
46%
Bataille des Pyramides 1798
46%
Naissance d'Alexandre le Grand - 356
46%
Naissance de Philippe Néri, fondateur de la Congrégation de l'Oratoire 1515
42%
Dernier atterrissage d'une navette spatiale 2011
38%
Sac de Rome - 390
29%
Violent tremblement de terre en Crête 365
25%
Aucun quiz correspondant
Distribution des résultats
% des personnes avec chaque résultat
Percentile par nombre de réponses
Votre historique - résultats
Vous n’avez pas pris ce quiz